Szczegóły MARC21

English intonation : an introduction /

003 -Nazwa inst., której nr kontr. jest w polu 001 [,]
    • @
    • Nazwa instytucji, której n kontrolny jest w polu 001
    • NUKAT
005 -DATA I CZAS OSTATNIEJ MODYFIKACJI [,]
    • @
    • pole kontrolne
    • 20241231112547.0
020 -Międzynarod. znormalizowany nr książki - ISBN [ , ]
    • a
    • Numer ISBN
    • 9780521865241 Find
020 -Międzynarod. znormalizowany nr książki - ISBN [ , ]
    • a
    • Numer ISBN
    • 0521865247 Find
020 -Międzynarod. znormalizowany nr książki - ISBN [ , ]
    • a
    • Numer ISBN
    • 9780521683807 Find
    • q
    • Dopowiedzenie
    • pbk.
020 -Międzynarod. znormalizowany nr książki - ISBN [ , ]
    • a
    • Numer ISBN
    • 0521683807 Find
    • q
    • Dopowiedzenie
    • pbk.
040 -Instytucja sporządzająca opis [ , ]
    • a
    • Instytucja, która sporządziła opis (NP)
    • LUBL U/ML
    • c
    • Instytucja, która sporządziła rekord (NP)
    • LUBL U/ML
    • d
    • Instytucja, która zmodyfikowała rekord (P)
    • LUBL U/EM
    • d
    • Instytucja, która zmodyfikowała rekord (P)
    • LUBL U/AnLes
942 -Rodzaj dokumentu [ , ]
    • c
    • Rodzaj dokumentu
    • Książka
100 -Hasło główne - nazwa osobowa [1, ]
    • a
    • Nazwa osobowa (NP)
    • Wells, John C.
    • d
    • Daty biograficzne (NP)
    • (1939- ).
    • 9
    • KHW
    • 493099
245 -Strefa tytułu i oznaczenia odpowiedzialności [1,0]
    • a
    • Tytuł
    • English intonation : Find
    • b
    • Ciąg dalszy tytułu (NP)
    • an introduction / Find
    • c
    • Pozostałe elementy strefy tytułu i oznaczenia odpowiedzialności (NP)
    • J. C. Wells.
260 -Strefa adresu wydawniczego [ , ]
    • a
    • Miejsce wydania (P)
    • New York :
    • b
    • Nazwa wydawcy (P)
    • Cambridge University Press,
    • c
    • Data wydania (P)
    • 2006.
300 -Strefa opisu fizycznego [ , ]
    • a
    • Określenie formy książki i/lub objętość (NP)
    • IX, 276 s. :
    • b
    • Oznaczenie ilustracji (NP)
    • il. ;
    • c
    • Format (NP)
    • 25 cm +
    • e
    • Oznaczenie dokumentu towarzyszącego (NP)
    • płyta CD.
336 -Typ zawartości [ , ]
    • a
    • Termin opisujący typ zawartości
    • Tekst
    • b
    • Kod określający zawartość
    • txt
    • 2
    • Źródło (terminu i kodu)
    • rdacontent
337 -Typ mediów [ , ]
    • a
    • Tryb odtwarzania
    • Bez urządzenia pośredniczącego
    • b
    • Kod typu mediów
    • n
    • 2
    • Źródło (terminu i kodu)
    • rdamedia
338 -Typ/rodzaj nośnika [ , ]
    • a
    • Hasło opisujące typ nośnika
    • Wolumin
    • b
    • Kod typu nośnika
    • nc
    • 2
    • Źródło (terminu i kodu)
    • rdacarrier
504 -Uwaga dot. bibliogr. załącznikowej [ , ]
    • a
    • Uwaga dot. bibliografii załącznikowej
    • Bibliogr. s. 271-273.
080 -Uniwersalna Klasyfikacja Dziesiętna [ , ]
    • 2
    • Identyfikator wydania tablic
    • UDC-P022
    • a
    • Symbol klasyfikacji
    • 811.111'342.8/./9
    • b
    • Dopowiedzenie
    • Język angielski. Akcent. Akcentowanie. Intonacja.
    • x
    • Poddział wspólny
    • =111
    • b
    • Dopowiedzenie
    • =język angielski
650 -Hasło przedmiotowe [ ,7]
    • a
    • Hasło przedmiotowe
    • Język angielski
    • x
    • Określnik rzeczowy
    • intonacja.
    • 2
    • Źródło terminu
    • kaba
    • 9
    • KHW
    • 385870
980 -Symbol UKD [ , ]
    • a
    • UKD
    • 811.111'342.8/.9=111
920 -ISBN [ , ]
    • a
    • ISBN
    • 978-0-521-86524-1 Find
920 -ISBN [ , ]
    • a
    • ISBN
    • 0-521-86524-7 Find
920 -ISBN [ , ]
    • a
    • ISBN
    • 978-0-521-68380-7 Find
    • q
    • Dopowiedzenie
    • pbk.
920 -ISBN [ , ]
    • a
    • ISBN
    • 0-521-68380-7 Find
    • q
    • Dopowiedzenie
    • pbk.
Sygnatura Data inwentaryzacji Lokalizacja Status udost. Numer inwentarzowy
ANG. Fonetyka i fonologia 172007-02-28BM1A.7768